Miejscowości gminy Wojciechów według liczby ludności - Statystyki

Ogólne statystyki
  • Ten quiz został rozwiązany 30 razy
  • Średni wynik to 9 z 22
Statystyki odpowiedzi
Liczba
ludności
Nazwa % Poprawnych
536 Wojciechów
100%
458 Maszki
67%
574 Miłocin
63%
60 Nowy Gaj
63%
238 Stary Gaj
63%
189 Stasin
58%
187 Łubki
54%
466 Palikije Drugie
50%
524 Palikije Pierwsze
50%
116 Romanówka
50%
74 Cyganówka
46%
410 Sporniak
46%
128 Góra
42%
158 Szczuczki
38%
103 Halinówka
33%
385 Wojciechów Kolonia Piąta
33%
259 Wojciechów Kolonia Pierwsza
29%
161 Maszki k. Wojciechowa
17%
159 Łubki-Kolonia
13%
179 Łubki-Szlachta
13%
142 Szczuczki VI Kolonia
8%
101 Tomaszówka
0%
Nie znaleziono quizów pasujących do podanych kryteriów
Rozkład punktacji
Procent ludzi z każdym wynikiem
Percentyl według liczby udzielonych odpowiedzi
Twoja historia wyników
Nie rozwiązałeś tego quizu